Kenyatta's jiggers / (Record no. 29345)
[ view plain ]
| 000 -LEADER | |
|---|---|
| fixed length control field | 00898cam a22003017a 4500 |
| 001 - CONTROL NUMBER | |
| control field | 12016279 |
| 005 - DATE AND TIME OF LATEST TRANSACTION | |
| control field | 20190306020059.0 |
| 008 - FIXED-LENGTH DATA ELEMENTS--GENERAL INFORMATION | |
| fixed length control field | 000324s2000 ke 000 0 eng |
| 010 ## - LIBRARY OF CONGRESS CONTROL NUMBER | |
| LC control number | 99894151 |
| 020 ## - INTERNATIONAL STANDARD BOOK NUMBER | |
| International Standard Book Number | 9966250263 |
| 035 ## - SYSTEM CONTROL NUMBER | |
| System control number | (DLC) 99894151 |
| 040 ## - CATALOGING SOURCE | |
| Original cataloging agency | DLC |
| Transcribing agency | DLC |
| Modifying agency | DLC |
| 042 ## - AUTHENTICATION CODE | |
| Authentication code | lcode |
| 050 00 - LIBRARY OF CONGRESS CALL NUMBER | |
| Classification number | MLCS 2000/01035 (P) |
| 100 1# - MAIN ENTRY--PERSONAL NAME | |
| Personal name | Mangua, Charles. |
| 240 10 - UNIFORM TITLE | |
| Uniform title | <a href="Kanina and I">Kanina and I</a> |
| 245 10 - TITLE STATEMENT | |
| Title | Kenyatta's jiggers / |
| Statement of responsibility, etc. | Charles Mangua. |
| 260 ## - PUBLICATION, DISTRIBUTION, ETC. (IMPRINT) | |
| Place of publication, distribution, etc. | Nairobi : |
| Name of publisher, distributor, etc. | Spear Books, |
| Date of publication, distribution, etc. | 2000. |
| 300 ## - PHYSICAL DESCRIPTION | |
| Extent | 276 p. ; |
| Dimensions | 18 cm. |
| 490 1# - SERIES STATEMENT | |
| Series statement | Spear books |
| 500 ## - GENERAL NOTE | |
| General note | Originally published: Kanina and I. 1994. |
| 700 1# - ADDED ENTRY--PERSONAL NAME | |
| Personal name | Mangua, Charles. |
| Title of a work | Kanina and I. |
| 830 #0 - SERIES ADDED ENTRY--UNIFORM TITLE | |
| Uniform title | Spear books series |
| 906 ## - LOCAL DATA ELEMENT F, LDF (RLIN) | |
| a | 7 |
| b | cbc |
| c | origode |
| d | 3 |
| e | ncip |
| f | 19 |
| g | y-gencatlg |
| 942 ## - ADDED ENTRY ELEMENTS (KOHA) | |
| Source of classification or shelving scheme | |
| Koha item type | Africana (Books) |
| Koha issues (borrowed), all copies | 1 |
| Withdrawn status | Lost status | Source of classification or shelving scheme | Damaged status | Not for loan | Home library | Current library | Shelving location | Date acquired | Source of acquisition | Total Checkouts | Full call number | Barcode | Date last seen | Price effective from | Koha item type | Date last checked out |
|---|---|---|---|---|---|---|---|---|---|---|---|---|---|---|---|---|
| MACHAKOS UNIVERSITY LIBRARY | MACHAKOS UNIVERSITY LIBRARY | Africana | 01/12/2017 | Purchase (UNES) | PR 9381.9 .M3K4 2000 | 37679 | 25/01/2018 | 01/12/2017 | Africana (Books) | |||||||
| MACHAKOS UNIVERSITY LIBRARY | MACHAKOS UNIVERSITY LIBRARY | Africana | 01/12/2017 | Purchase (UNES) | 1 | PR 9381.9 .M3K4 2000 | 37677 | 05/03/2019 | 01/12/2017 | Africana (Books) | 05/03/2019 | |||||
| MACHAKOS UNIVERSITY LIBRARY | MACHAKOS UNIVERSITY LIBRARY | Africana | 01/12/2017 | Purchase (UNES) | PR 9381.9 .M3K4 2000 | 37678 | 11/01/2018 | 01/12/2017 | Africana (Books) | |||||||
| MACHAKOS UNIVERSITY LIBRARY | MACHAKOS UNIVERSITY LIBRARY | Africana | 01/12/2017 | Purchase (UNES) | PR 9381.9 .M3K4 2000 | 17163 | 31/05/2019 | 01/12/2017 | Africana (Books) | |||||||
| MACHAKOS UNIVERSITY LIBRARY | MACHAKOS UNIVERSITY LIBRARY | Africana | 17/02/2018 | purchased (corporate campus) | PR 9381.9 M3K4 2000 | 38103 | 17/02/2018 | 17/02/2018 | Africana (Books) |